000 00507nam a2200205Ia 4500
008 240509s9999 xx 000 0 und d
020 _a0008126504986
041 _aEng
082 _a004.6
082 _bB86
100 _aBURGESS, M.:
245 0 _aPRINCIPLES OF NETWORK AND SYSTEM ADMINISTRATION
250 _a2nd ed.
260 _bINDIA : WILEY : DREAMTECH
260 _c2004
300 _a634 p.
650 _aNETWORK ADMINISTRATION : SYSTEM ADMINISTRATION
942 _2ddc
942 _cRBK
999 _c22157
_d22157
945 _a1
_bMadushi Gamage
_c1
_dMadushi Gamage